The call of the upnishads / (Record no. 134067)

MARC details
000 -LEADER
fixed length control field 00638nam a22002297a 4500
005 - DATE AND TIME OF LATEST TRANSACTION
control field 20170124110220.0
010 ## - LIBRARY OF CONGRESS CONTROL NUMBER
LC control number A-710373
020 ## - INTERNATIONAL STANDARD BOOK NUMBER
International Standard Book Number 0895817608
Terms of availability 100.00
035 ## - SYSTEM CONTROL NUMBER
System control number A-710373
037 ## - SOURCE OF ACQUISITION
Source of stock number/acquisition Cen Lib/ Ret
040 ## - CATALOGING SOURCE
Original cataloging agency DPL
Language of cataloging EN
082 ## - DEWEY DECIMAL CLASSIFICATION NUMBER
Classification number 220.24
Item number MEH
100 ## - MAIN ENTRY--PERSONAL NAME
Personal name Mehta, Rohit
9 (RLIN) 13089
245 ## - TITLE STATEMENT
Title The call of the upnishads /
Statement of responsibility, etc by Rohit Mehta
260 ## - PUBLICATION, DISTRIBUTION, ETC. (IMPRINT)
Place of publication, distribution, etc Delhi
Name of publisher, distributor, etc Motilal Banarsidas
Date of publication, distribution, etc 1970
270 ## - ADDRESS
City Delhi
Address bunglow road
Postal code 110007
300 ## - PHYSICAL DESCRIPTION
Extent 320p.
Dimensions 21cm(Hb)
500 ## - GENERAL NOTE
General note Includes index
650 ## - SUBJECT ADDED ENTRY--TOPICAL TERM
Topical term or geographic name as entry element Hinduism
General subdivision
9 (RLIN) 39691
650 ## - SUBJECT ADDED ENTRY--TOPICAL TERM
Topical term or geographic name as entry element Upanishads
9 (RLIN) 39692
942 ## - ADDED ENTRY ELEMENTS (KOHA)
Source of classification or shelving scheme Dewey Decimal Classification
Koha item type English Books
Classification part 220.24
Call number suffix MEH
Holdings
Withdrawn status Lost status Damaged status Not for loan Collection code Home library Current library Date acquired Source of acquisition Cost, normal purchase price Total Checkouts Full call number Barcode Date last seen Copy number Cost, replacement price Price effective from Koha item type
      Not For Loan Reference Central Library Central Library 28/07/2015 Cen Lib/Ret 100.00   220.24 MEH A-710373 28/07/2015 1 100.00 28/07/2015 English Books

© Delhi Public Library
Hit Counter
free hit counter